Music Quiz

Random Music or Missing Word Quiz

The Last Word: Male Singers II Quiz Stats

 Plays Quiz Updated Oct 9, 2021

Support Sporcle.
Go Orange.
Score 0/36 Timer 05:00
3 Plays Today
Hint Answer % Correct
Justin TimberlakeRiver
94.8%
Sam SmithMe
94.5%
Ricky MartinLoca
92.7%
Ed SheeranLoud
91.4%
Sam SmithOne
87.3%
Sam SmithMind
83.6%
EminemYourself
83%
Kanye WestDigger
81.9%
Justin TimberlakeBody
80.7%
Justin TimberlakeTie
79.8%
NellyHerre
78%
Bruno MarsHeaven
76%
Chris BrownNow
75.7%
Ed SheeranTeam
73.6%
Bruno MarsSong
67.4%
EminemCloset
65.3%
Jason DeruloDirty
57.8%
Flo RidaGirl
53.7%
Hint Answer % Correct
Ed SheeranHouse
53.1%
Ricky MartinBangs
52.6%
Jason DeruloSay
50.6%
Jason DeruloHead
48.9%
UsherClub
46.3%
UsherSlow
45.9%
Flo RidaRound
37.7%
Chris BrownKiss
37.2%
Kanye WestLights
36.9%
Bruno MarsRain
33.7%
EminemAfraid
33.7%
NellyTailfeather
32.7%
Ricky MartinLonely
29.9%
NellyDream
29.6%
Chris BrownUp
23.7%
Flo RidaFeeling
20.9%
UsherCall
14.9%
Kanye WestJamz
14.7%

From the Vault

NBA Most Points w/o 20ppg Season

by jonesjeffum

Sports 6m
These are the best players you always sort of forget were on your favorite team.
Remove Ads.
Support Sporcle.
Get the best of Sporcle when you Go Orange. This ad-free experience offers more features, more stats, and more fun while also helping to support Sporcle. Thank you for becoming a member.

Show Comments

Extras

Top Quizzes Today


Score Distribution

Your Account Isn't Verified!

In order to create a playlist on Sporcle, you need to verify the email address you used during registration. Go to your Sporcle Settings to finish the process.

Report this User

Report this user for behavior that violates our Community Guidelines.

Details: